| 000 | 00411cam a22001457a 4500 | ||
|---|---|---|---|
| 008 | 180718b1959 xxu||||| |||| 00| 0 eng d | ||
| 082 | _aA6x5952 M342 | ||
| 100 | _aMarks, Harry J. | ||
| 245 |
_aFirst contest for Singapore, 1819-1824 _cby Harry J. Marks |
||
| 260 |
_aThe Hauge _bNijhoff _c1959 |
||
| 300 | _a263p. | ||
| 650 | _aNetherland - Colonies | ||
| 650 | _aUK - Colonies | ||
| 650 | _aSingapore - History | ||
| 999 |
_c373039 _d373039 |
||